与匈牙利接壤的国家 - Statistics

General Stats
  • This quiz has been taken 61 times
  • The average score is 6 of 7
Answer Stats
边界长度
(千米)
国家 % Correct
677 斯洛伐克
98%
366 奥地利
98%
443 罗马尼亚
96%
329 克罗地亚
84%
151 塞尔维亚
84%
102 斯洛文尼亚
84%
103 乌克兰
79%
No matching quizzes found
Score Distribution
Percent of People with Each Score
Percentile by Number Answered
Your Score History
You have not taken this quiz